Loading...
| Mythology | 0 | 3 | 0 | 0 | 30 | 94 | 123.67 | 0 | 0 | 0.00 | 0.00 |
| Literature - World | 0 | 3 | 0 | 0 | 30 | 85 | 109.67 | 0 | 1 | 0.00 | 0.00 |
| History - Other | 0 | 3 | 1 | 0 | 25 | 46 | 101.00 | 1 | 1 | 0.00 | 0.00 |
| Fine Arts - Painting & Sculpture | 0 | 3 | 1 | 0 | 25 | 86 | 109.67 | 0 | 1 | 0.00 | 0.00 |
| History - World | 0 | 3 | 1 | 1 | 25 | 134 | 137.67 | 0 | 0 | 0.00 | 0.00 |
| Religion | 0 | 2 | 0 | 0 | 20 | 94 | 108.00 | 0 | 1 | 0.00 | 0.00 |
| Literature - European | 0 | 2 | 0 | 0 | 20 | 95 | 112.00 | 0 | 1 | 0.00 | 0.00 |
| Literature - American | 0 | 2 | 0 | 0 | 20 | 100 | 105.50 | 0 | 0 | 0.00 | 0.00 |
| Geography | 0 | 2 | 0 | 0 | 20 | 93 | 111.50 | 0 | 0 | 0.00 | 0.00 |
| History - European | 0 | 2 | 0 | 0 | 20 | 132 | 134.50 | 0 | 0 | 0.00 | 0.00 |
| Social Science | 0 | 2 | 1 | 0 | 15 | 65 | 89.50 | 1 | 1 | 0.00 | 0.00 |
| Literature - British | 0 | 1 | 0 | 0 | 10 | 72 | 72.00 | 0 | 1 | 0.00 | 0.00 |
| Other Academic | 0 | 1 | 0 | 0 | 10 | 136 | 136.00 | 0 | 0 | 0.00 | 0.00 |
| Philosophy | 0 | 1 | 0 | 0 | 10 | 134 | 134.00 | 0 | 0 | 0.00 | 0.00 |
| History - American | 0 | 1 | 0 | 0 | 10 | 144 | 144.00 | 0 | 0 | 0.00 | 0.00 |
| Science - Biology | 0 | 1 | 0 | 1 | 10 | 134 | 134.00 | 0 | 0 | 0.00 | 0.00 |
| Science - Other | 0 | 1 | 0 | 0 | 10 | 116 | 116.00 | 0 | 0 | 0.00 | 0.00 |
| Fine Arts - Other | 0 | 1 | 0 | 0 | 10 | 144 | 144.00 | 0 | 0 | 0.00 | 0.00 |